The Strangers / (Record no. 5022)

MARC details
000 -LEADER
fixed length control field 00576nam a22002177a 4500
001 - CONTROL NUMBER
control field 5022
003 - CONTROL NUMBER IDENTIFIER
control field FISKH
005 - DATE AND TIME OF LATEST TRANSACTION
control field 20241031163936.0
008 - FIXED-LENGTH DATA ELEMENTS--GENERAL INFORMATION
fixed length control field 241031b cb ||||| |||| 00| 0 eng d
020 ## - INTERNATIONAL STANDARD BOOK NUMBER
International Standard Book Number 333123441
040 ## - CATALOGING SOURCE
Original cataloging agency FISKH
Language of cataloging eng
Transcribing agency FISKH
Modifying agency FISKH
050 ## - LIBRARY OF CONGRESS CALL NUMBER
Classification number PZ7.S3468
100 ## - MAIN ENTRY--PERSONAL NAME
Personal name Schlee, Ann
245 ## - TITLE STATEMENT
Title The Strangers /
Statement of responsibility, etc. by Ann Schlee
250 ## - EDITION STATEMENT
Edition statement First published 1971
260 ## - PUBLICATION, DISTRIBUTION, ETC.
Place of publication, distribution, etc. London :
Name of publisher, distributor, etc. Macmillan & Co ;
Date of publication, distribution, etc. 1971 .
300 ## - PHYSICAL DESCRIPTION
Extent 151 pages :
Other physical details illustrations ;
Dimensions 22 cm .
700 ## - ADDED ENTRY--PERSONAL NAME
Personal name Marriott, Pat
Relator term illustrator
942 ## - ADDED ENTRY ELEMENTS (KOHA)
Source of classification or shelving scheme Dewey Decimal Classification
Koha item type Books
Suppress in OPAC No
Holdings
Withdrawn status Lost status Source of classification or shelving scheme Damaged status Not for loan Collection Home library Current library Shelving location Date acquired Total Checkouts Full call number Barcode Date last seen Price effective from Koha item type
    Dewey Decimal Classification     Fiction Footprints International School Library Network Toul Kork Campus Footprints International School Library Network Toul Kork Campus TTP Secondary Fiction Bookshelves 10/31/2024   SCH PZ7.S3468 FIS01152 10/31/2024 10/31/2024 Books